Mobile Nintendo Games - Statistics

General Stats
  • This quiz has been taken 120 times
    112 since last reset
  • The average score is 4 of 8
Answer Stats
Year Released Game % Correct
2016 Super Mario Run
98%
2019 Mario Kart Tour
83%
2017 Animal Crossing: Pocket Camp
42%
2017 Fire Emblem: Heroes
36%
2019 Dr. Mario World
34%
2016 Miitomo
33%
2018 Dragalia Lost
20%
2019 Pokémon Rumble Rush
6%
No matching quizzes found
Score Distribution
Percent of People with Each Score
Percentile by Number Answered
Your Score History
You have not taken this quiz since the last reset